000 01062cam a22002894a 4500
090 _c0
001 13375645
005 20050224151540.0
008 031016s2004 maua b 001 0 eng
010 _a 2003063655
020 _a063206434X (alk. paper)
040 _aDLC
_cDLC
_dDLC
042 _apcc
050 0 0 _aTJ778
_b.W36 2004
082 0 0 _a621.433
_222
_bWAL
100 1 _aWalsh, Philip P.
245 1 0 _aGas turbine performance /
_cPhilip P. Walsh, Paul Fletcher.
250 _a2nd ed.
260 _aMalden, MA :
_bBlackwell Science,
_c2004.
300 _axiv, 646 p. :
_bill. ;
_c25 cm.
504 _aIncludes bibliographical references and index.
650 0 _aGas-turbines
_xPerformance.
700 1 _aFletcher, Paul,
_d1962-
942 _2ddc
_cBB
999 _c10574
_d10574